| 000 | 00492nam a22001577a 4500 | ||
|---|---|---|---|
| 999 |
_c108988 _d108988 |
||
| 005 | 20181120121313.0 | ||
| 008 | 181120b ||||| |||| 00| 0 eng d | ||
| 020 | _a0071395938 | ||
| 040 | _cPK-LaUMT | ||
| 082 |
_a610 _bCUR- |
||
| 245 |
_aCurrent medical diagnosis & treatment [CMDT] 2003 / _cedited by Lawrence MTierney, Stephen J. McPhee and Maxine A. Papadakis |
||
| 250 | _a42th ed. | ||
| 260 |
_aNew York : _bLange Medical Books/McGraw-Hill, _c2003 |
||
| 300 | _a1860 p. | ||
| 942 | _cBK | ||